000 01263nam0a22003251 4500
001 v19\rc\1788574
005 20260407023411.0
035 _a(NLR Aleph) 004892442
090 _a5285787
_c5285787
100 _a20061204d1905 |||y0rusy50 ca
101 0 _arus
102 _aRU
105 _aab z |||||
200 1 _aИллюстрированный путеводитель по Императорскому Ботаническому саду
_fСост. чл. Сада под общ. ред. А.А. Фишера-фон-Вальдгейма
210 _aСанкт-Петербург
_d1905
215 _aVI, 301 с., 11 л. ил., карт.
_cил.
_d23
702 1 _aФишер-фон-Вальдгейм
_bА.А.
_gАлександр Александрович
_4340
710 0 2 _aБотанический сад
_cПетербург
_3RU\NLR\AUTH\8810008805
_9515355
790 1 _aВальдгейм
_bА.А.
_gАлександр Александрович
801 0 _aRU
_bNLR
_gpsbo
801 0 _aRU
_bRuMoRGB
_2psbo
801 1 _aRU
_bProSoft-M
_2rusmarc
852 _aNLR
_j38.31.2.5
852 _aNLR
_j133/6295
899 _aRuMoRGB
_jA 290/192
899 _aRuMoRGB
_jA 246/123
899 _aБАН
899 _aНБ МГУ
942 _cBOOK
980 _aNB